ARRUPE JESUIT UNIVERSITY

CORONAVIRUS -STOP THE SPREAD - CLEAN,DISINFECT,COVER

Women, culture and development (Record no. 93044)

MARC details
000 -LEADER
fixed length control field 00527nam a2200217Ia 4500
003 - CONTROL NUMBER IDENTIFIER
control field 0100
005 - DATE AND TIME OF LATEST TRANSACTION
control field 20190801102214.0
008 - FIXED-LENGTH DATA ELEMENTS--GENERAL INFORMATION
fixed length control field 130307s9999 xx 000 0 und d
020 ## - INTERNATIONAL STANDARD BOOK NUMBER
International Standard Book Number 0198289642
040 ## - CATALOGING SOURCE
Transcribing agency ARRUPELIB
050 ## - LIBRARY OF CONGRESS CALL NUMBER
Classification number HQ1236.W6377 1994
300 ## - PHYSICAL DESCRIPTION
Other physical details 481p.23cm.
245 ## - TITLE STATEMENT
Title Women, culture and development
245 ## - TITLE STATEMENT
Remainder of title a study of human capabilities
260 ## - PUBLICATION, DISTRIBUTION, ETC. (IMPRINT)
Place of publication, distribution, etc Oxford
Name of publisher, distributor, etc Clarendon Press
Date of publication, distribution, etc 1995
300 ## - PHYSICAL DESCRIPTION
Extent xi
650 ## - SUBJECT ADDED ENTRY--TOPICAL TERM
Topical term or geographic name as entry element Women rights
General subdivision Women in development
-- Sex role
9 (RLIN) 47705
700 ## - ADDED ENTRY--PERSONAL NAME
Personal name Nussbaum, Martha; Glover, Jonathan
9 (RLIN) 47706
942 00 - ADDED ENTRY ELEMENTS (KOHA)
Koha issues (borrowed), all copies 4
Source of classification or shelving scheme Library of Congress Classification
Koha item type Monograph ( Printed materials)
Holdings
Withdrawn status Lost status Source of classification or shelving scheme Damaged status Not for loan Collection code Home library Current library Shelving location Date acquired Total Checkouts Full call number Barcode Checked out Date last seen Date checked out Copy number Price effective from Koha item type
    Library of Congress Classification     Main Collection ARRUPE LIBRARY ARRUPE LIBRARY   07/03/2013 10 HQ1236.W6377 1994 46003073945 08/01/2025 09/12/2024 09/12/2024 1 07/03/2013 Monograph ( Printed materials)

 

Arrupe Library. PO Box MP320 Mt Pleasant, Harare, Zimbabwe
263 242 745411|librarian@aju.ac.zw